000 01508nam a2200217Ia 4500
003 Ost
005 20260507074902.0
008 260507s9999||||xx |||||||||||||| ||und||
040 _cfsecg
041 _aara
082 _a330.15
100 _aالطائي، منى محمد علي
_eمؤلف
245 0 _aالتحليل الإقتصادي الجزئي :
_bنظريات، أساسيات، تطبيقات /
_c منى محمد علي الطائي
260 _aعمان:
_bدار زهران للنشر والتوزيع,
_c2006
300 _a398 صفحة؛
_bإيضاحات ؛
_c25 سم
504 _aمراجع ص.395
520 _a علم الإقتصاد والمشكلات الإقتصادية، مفهوم الندرة في الإقتصاد الإسلامي، الحاجات والمشكلة الإقتصادية في الفكر الإسلامي، النظرية النيوكلاسيكية في التحليل الإقتصادي، آليات السوق ونظام الأسعار، التوازن السوقي وآلية السوق الحر، السياسة الإقتصادية الجزئية، عملية الخصخصة، تحديد الإئتمان في الإقتصاد الإسلامي، نظريات الطلب ونظرية المنفعة، مرونات العرض والطلب، تحليل الإنتاج والبعد الزمني، هياكل الاسواق الإقتصادية
653 _aالإقتصاد التحليلي
653 _aالإقتصاد الجزئي
942 _cكتاب
999 _c41658
_d41658